[Rezension von: Thomas Hunkeler, Paris et le nationalisme des avant-gardes 1909-1924]
Saved in:
| Published in: | Regards croisés 13(2023), Seite 133-135 |
|---|---|
| Main Author: | |
| Document Type: | Online Resource Article |
| Language: | German |
| Published: |
2023
|
| Subjects: | |
| Online Access: | kostenfrei kostenfrei |
| Related Items: | Enthalten in:
Regards croisés Rezension von: Paris et le nationalisme des avant-gardes |
| Author Notes: | Annabel Ruckdeschel |
| LEADER | 02068caa a2200409 c 4500 | ||
|---|---|---|---|
| 001 | 1883084318 | ||
| 003 | DE-627 | ||
| 005 | 20260511171612.0 | ||
| 007 | cr uuu---uuuuu | ||
| 008 | 240311s2023 xx |||||oo 00| ||ger c | ||
| 024 | 7 | |a 10.57732/rc.2023.1.102677 |2 doi | |
| 035 | |a (DE-627)1883084318 | ||
| 035 | |a (DE-599)KXP1883084318 | ||
| 035 | |a (OCoLC)1533742011 | ||
| 040 | |a DE-627 |b ger |c DE-627 |e rda | ||
| 041 | |a ger | ||
| 084 | |a KUNST |q DE-16 |2 fid | ||
| 100 | 1 | |a Ruckdeschel, Annabel |e VerfasserIn |0 (DE-588)1072467526 |0 (DE-627)827571321 |0 (DE-576)433887095 |4 aut | |
| 245 | 1 | 0 | |a [Rezension von: Thomas Hunkeler, Paris et le nationalisme des avant-gardes 1909-1924] |c Annabel Ruckdeschel |
| 264 | 1 | |c 2023 | |
| 300 | |b Illustrationen | ||
| 336 | |a Text |b txt |2 rdacontent | ||
| 337 | |a Computermedien |b c |2 rdamedia | ||
| 338 | |a Online-Ressource |b cr |2 rdacarrier | ||
| 583 | 1 | |a Archivierung/Langzeitarchivierung gewährleistet |f FID |x XA-DE-BW |2 pdager |5 DE-16 | |
| 655 | 7 | |a Rezension |0 (DE-588)4049712-4 |0 (DE-627)106186019 |0 (DE-576)209083166 |2 gnd-content | |
| 773 | 0 | 8 | |i Enthalten in |t Regards croisés |d Paris : Institut National d’Histoire de l’Art, 2013 |g 13(2023), Seite 133-135 |h Online-Ressource |w (DE-627)832785571 |w (DE-600)2830060-9 |w (DE-576)442942508 |x 2509-4750 |7 nnas |
| 773 | 1 | 8 | |g volume:13 |g year:2023 |g pages:133-135 |
| 787 | 0 | 8 | |i Rezension von |a Hunkeler, Thomas, 1965 - |t Paris et le nationalisme des avant-gardes |d Paris : Hermann, 2018 |h 260 Seiten |w (DE-627)1031190333 |w (DE-576)512028001 |z 9782705697440 |
| 856 | 4 | 0 | |u https://doi.org/10.57732/rc.2023.1.102677 |x Verlag |x Resolving-System |z kostenfrei |3 Volltext |7 0 |
| 856 | 4 | 0 | |u https://journals.ub.uni-heidelberg.de/index.php/rc/article/view/102677 |x Verlag |z kostenfrei |3 Volltext |7 0 |
| 912 | |a ZDB-282-AAE-article | ||
| 951 | |a AR | ||
| 994 | |u https://ahnp.ub.uni-heidelberg.de/journals/rc/article/view/102677/98683 | ||
| 994 | |u https://ahnp.ub.uni-heidelberg.de/journals/rc/article/view/102677/98683 | ||
| 991 | |a Rezension (Monographie, Zeitschrift, Aufsatz) | ||
| 999 | |a KXP-PPN1883084318 |e 4967447031 | ||


